Záhadné zmiznutie modrého kľúča

Bibliographic Details
Main Author: Poláková Šinka, Adriana (Author)
Other Authors: Kopačka, Juraj (Illustrator)
Format: Book
Language:Slovak
PhysicalDescription:155 strán farebné ilustrácie 28 cm
Published: [Bratislava] Label one [2018]
ISBN:9788089848201
Edition:Prvé vydanie
Subjects:

MARC

LEADER 00000cam a2200000 4500
001 vtls011790331
003 SK-MaSNL
005 20260301050117.0
008 200507s2018 xo a br 010 jdslo
015 |a SNBA2019/07 
020 |a 9788089848201  |q (viazané) 
035 |a urn:nbn:sk:snk-am00dybj 
035 |a urn:nbn:sk:snk-am3i9dc 
035 |a B42317A9-3767-47C6-B2C4-B2746F6F0CEC 
040 |a SNK  |b slo  |c SNK  |e rda 
041 0 |a slo 
044 |a xo  |c SK 
072 7 |a 821.162.4-3  |x Slovenská próza  |2 konspekt 
072 7 |a 821-93  |x Literatúra pre deti a mládež (beletria)  |2 konspekt 
080 |a 821.162.4-32  |2 2011 
080 |a 82-93-053.4/.5  |2 2011 
100 1 |a Poláková Šinka, Adriana  |4 aut  |9 162966 
245 1 0 |a Záhadné zmiznutie modrého kľúča  |c Adriana Poláková Šinka 
250 |a Prvé vydanie 
264 1 |a [Bratislava]  |b Label one  |c [2018] 
264 4 |c ©2018 
300 |a 155 strán  |b farebné ilustrácie  |c 28 cm 
336 |a text  |b txt  |2 rdacontent 
336 |a statický obraz  |b sti  |2 rdacontent 
337 |a bez média  |b n  |2 rdamedia 
338 |a zväzok  |b nc  |2 rdacarrier 
500 |a Miesto vydania podľa NA ISBN 
500 |a Obsahuje biografické údaje o autorke na strane 151 
521 8 |a Pre deti od 7 rokov 
655 7 |a slovenské príbehy  |2 SNKPH  |9 70494 
655 7 |a literatúra pre deti  |2 SNKPH  |9 87135 
655 7 |a Slovak stories  |2 SNKPHeng  |9 277112 
655 7 |a Children's literature  |2 SNKPHeng  |9 276039 
700 1 |a Kopačka, Juraj  |4 ill  |9 159225 
919 |a 978-80-89848-20-1 
958 |a LX 
958 |a DB 
999 |c 600153  |d 602083 
952 |a SNK  |b SNK  |y PREZ  |7 0  |p 17A1363531  |o snkSB 94028  |i snk2019/10644  |8 0  |0 0  |1 0  |4 0  |d 2019-04-11  |f 1  |l 0  |r 2025-05-15 00:00:00  |w 2026-02-23 
952 |a SNK  |b SNK  |y PREZ  |7 0  |p 17A1363532  |o snkSB 94028 D1  |i snk2019/10645  |8 0  |0 0  |1 0  |4 0  |d 2019-04-11  |l 0  |r 2026-02-23 15:51:52  |w 2026-02-23